[Event "Finland Team Ch 2011-2012"]
[Site "Helsinki FIN"]
[Date "2012.01.14"]
[Round "4"]
[White "Pasterstein, Dennis"]
[Black "Varjokallio, Matti"]
[Result "1/2-1/2"]
[Section "III Division:4"]
[Board "5"]
[WhiteTeam "Lauttasaaren Shakkikerho 2"]
[BlackTeam "Rikospoliisien Shakkikerho"]
[WhiteElo "1556"]
[BlackElo "1765"]

1.e4 Nf6 2.Nc3 e5 3.Bc4 Be7 4.d3 d6 5.h3 O-O 6.Be3 c6 7.a3 $2 b5
(7...d5) 8.Ba2 Re8 9.Qf3 Bb7 10.g4 Rf8 11.g5 Ne8 12.h4 a5 13.b4 $2
(13.g6 hxg6 14.h5) axb4 14.axb4 d5 15.Bc5 Bxc5 16.bxc5 Ra3 17.Nge2 Qa5
18.exd5 b4 (18...Rxc3) 19.Rb1 Qxc5 20.Bc4 Nd6 (20...bxc3) 21.Ne4 Nxe4
22.Qxe4 cxd5 23.Qxe5 Qc6 (23...Nd7) 24.Bb3 Re8 25.Qf4 Rxb3 26.cxb3 d4
(26...Qc2 27.O-O Qxe2 28.Rfe1 Qxe1+ 29.Rxe1 Rxe1+) 27.Kd2 $2 Nd7
(27...Rxe2+ 28.Kxe2 Qc2+ 29.Qd2 Bf3+) 28.Rhc1 Qd5 29.Nxd4 Ne5 30.Re1
Qxd4 31.Qxd4 Nf3+ 32.Kc2 Nxd4+ 33.Kb2 Kf8 34.Rxe8+ Kxe8 35.Re1+ Kd7
36.Re5 Kd6 37.f4 Bd5 38.Re8 Nf5 39.h5 Kc5 40.Re5 Nd4 41.Re8 Ne6
42.Rc8+ Kd4 43.Rb8 Nxf4 44.Rxb4+ Ke3 45.Kc3 Ne2+ 46.Kc2 Nd4+ 47.Kc3
Nxb3 48.Rb5 Be6 49.Re5+ Kf4 50.d4 Nc1 51.g6 hxg6 52.hxg6 Na2+ 53.Kd2
Nb4 54.gxf7 Bxf7 55.Re7 Bc4 1/2-1/2

[Event "Finland Team Ch 2011-2012"]
[Site "Vihti FIN"]
[Date "2012.01.14"]
[Round "4"]
[White "Aikio, Lauri"]
[Black "Heimonen, Arto"]
[Result "1/2-1/2"]
[Section "III Division:2"]
[Board "4"]
[WhiteTeam "Vihdin Shakkikerho"]
[BlackTeam "Lauttasaaren Shakkikerho 3"]
[WhiteElo "1650"]
[BlackElo "1592"]

1.d4 Nf6 2.c4 e6 3.a3 Be7 4.Nf3 O-O 5.Nc3 d5 6.c5 b6 7.b4 a5 8.Bb2
axb4 9.axb4 Rxa1 10.Qxa1 bxc5 11.bxc5 Nc6 12.e3 Nb4?? 13.Qa4 Bd7
14.Qxb4 Qa8 15.Qa3 Qb7 16.Nd1 Ra8 17.Qc3 Ne4 18.Qc1 Ba4 19.Be2?? Bxd1
20.Bxd1 Ra2 21.O-O Rxb2 22.Bc2 Nf6 23.Ne5 Bf8 24.g4 Ne8 25.f4 f6
26.Nf3 Qb4 27.Rf2 g6 28.h4 Qc3 29.h5 Ra2 30.Kg2 Ra1 31.Qd2 Qxd2
32.Rxd2 gxh5 33.gxh5 Ng7 34.h6 Ne8 35.Kg3 Rh1 36.Nh2 Bxh6 37.Kg2 Ra1
38.Kf3 f5 39.Rg2+ Kf7 40.Ke2 Nf6 41.Nf3 Ng4 1/2-1/2

[Event "Finland Team Ch 2011-2012"]
[Site "Vihti FIN"]
[Date "2012.01.14"]
[Round "4"]
[White "Kauppinen, Janne"]
[Black "Manns, Harri"]
[Result "0-1"]
[Section "III Division:2"]
[Board "5"]
[WhiteTeam "Lauttasaaren Shakkikerho 3"]
[BlackTeam "Vihdin Shakkikerho"]
[WhiteElo "1475"]
[BlackElo "1380"]

1.d4 d5 2.c4 dxc4 3.Nc3 e6 4.e4 Nc6 5.Nf3 Bb4 6.Bxc4 a6 7.O-O Bxc3
8.bxc3 b5 9.Bd3 Nf6 10.Bg5 h6 11.Bh4 g5 12.Bg3 Nh5 13.a4 Nxg3 14.fxg3
bxa4 15.Rxa4 Bb7 16.Qa1 Qc8 17.c4 O-O 18.d5 exd5 19.exd5 Ne7 20.Qf6
Qd7 21.Raa1 (21.Qxh6 {+-}) Qd6 22.Qb2 Rab8 23.Qc2 c6 24.dxc6 (24.c5!
Qxd5 25.Bh7+ Kh8 26.Rad1?? Qe6 27.Rd6 Qe3+ 28.Kh1 {+-}) Nxc6 25.c5 Qd5
26.Bxa6 (26.Rad1) Bxa6 27.Rfd1 Qc4 28.Qf5 Bc8 29.Qf6 Qxc5+ 30.Kh1 Rb6
31.Rac1 Nb4 32.Qa1 Qf5 33.Rf1 Bb7 34.Nd4 Qe4 35.Rg1 Nd3 36.Rcf1 Rb2
37.Nf3 Nf2+ 38.Rxf2 Rxf2 39.Qd1 Rc8 40.Re1 Qc2 41.Rg1 Qxd1 42.Rxd1
Rcc2 43.Ne1 Rf1# 0-1

[Event "Finland Team Ch 2011-2012"]
[Site "Helsinki FIN"]
[Date "2012.01.15"]
[Round "6"]
[White "Heikkinen, Jyrki"]
[Black "Kauranen, Matti"]
[Result "0-1"]
[Section "II Division:1"]
[Board "1"]
[WhiteTeam "Lauttasaaren Shakkikerho"]
[BlackTeam "Helsingin Shakkiklubi 3"]
[WhiteElo "2067"]
[BlackElo "2137"]

1.d4 d5 2.e4 e6 3.c4 dxe4 4.Nc3 Nf6 5.f3 exf3 6.Nxf3 Be7 7.Bd3 O-O
8.O-O Na6 9.Bf4 b6 10.a3 Bb7 11.Kh1 Rc8 12.Qe2 (12.b4 {=}) c5 13.Rad1
Bxf3 14.Rxf3 cxd4 15.Rh3? (15.Nb5) g6 (15...dxc3 16.Bc2 (16.Bxh7+? Nxh7
17.Rxd8 Rfxd8 18.Qh5 Kf8 {-/+}) cxb2! (16...Qe8 17.Bxh7+ Nxh7 18.Qh5 f5
19.Qxh7+ {=}) 17.Rxd8 Rfxd8 {=/+}) 16.b4 (16.Nb5) Nb8 17.Bb1 Nc6 18.g4 e5
19.Bc1 Qd7 20.Rg3 Qe6? (20...Bd6) 21.Bh6?? (21.Bf5 {=/+}) dxc3 22.Bf5
Nd4 23.Rxd4 Qc6+ 24.Be4 Nxe4 25.Rxe4 Rfd8 26.Kg1 Bh4 27.Rh3 g5 28.Rxh4
gxh4 29.Qe3 Rd1+ 30.Kf2 Qf6+ 31.Bf4 Rd2+ 32.Kg1 exf4 33.Rxf4 Qd6 0-1

[Event "Finland Team Ch 2011-2012"]
[Site "Helsinki FIN"]
[Date "2012.01.15"]
[Round "6"]
[White "Räisä, Unto"]
[Black "Ertbjerg, Per"]
[Result "0-1"]
[Section "II Division:1"]
[Board "2"]
[WhiteTeam "Helsingin Shakkiklubi 3"]
[BlackTeam "Lauttasaaren Shakkikerho"]
[WhiteElo "2095"]
[BlackElo "2062"]

1.d4 Nf6 2.c4 e5 3.dxe5 Ne4 4.a3 d6 5.Nf3 Nc6 6.exd6 Bxd6 7.Nbd2 Bf5
8.e3 Qf6 9.Nxe4 Bxe4 10.Bd3 Bxd3 11.Qxd3 O-O-O 12.Qc2 g5 13.Bd2 g4
14.Bc3 Qh6 15.Qf5+ Kb8 16.Qxg4 Rhg8 17.Qh3 Qg6 18.O-O f5 19.b4 Rdf8
20.c5 Be7 21.b5 Nd8 22.Rfd1 Nf7 23.Bd4 Ng5 24.Nxg5 Qxg5 25.f4 Qg6
26.a4 Bf6 27.a5 Re8 28.Bxf6 Qxf6 29.a6 Qc3 30.Qf3 (30.Qxf5!) Qxe3+
31.Qxe3 Rxe3 32.Rd5 Rb3 33.Rad1 Kc8 34.axb7+ Kxb7 35.Rxf5 Rxb5 36.c6+
Kb6 37.Rf7 Rb2 38.g3 h5 39.Rh7 a5 40.Rxh5 a4 41.Ra1 Rd8 42.Re5??
(42.f5 a3 43.f6 a2 44.Rf5 {=}) a3 43.Ree1 a2 44.f5 Rdd2 45.f6 Rg2+
46.Kh1 Rxh2+ 47.Kg1 Rhg2+ 48.Kh1 Rgf2 49.Re6 Rb1 50.Re1 Rxe1+ 51.Rxe1
Rxf6 52.Kg2 Rxc6 53.g4 Kc5 54.Ra1 Ra6 55.Kf3 Kb4 56.g5 Kb3 0-1

[Event "Finland Team Ch 2011-2012"]
[Site "Helsinki FIN"]
[Date "2012.01.15"]
[Round "6"]
[White "Sobenin, Evgeny"]
[Black "Uimonen, Matti"]
[Result "0-1"]
[Section "II Division:1"]
[Board "3"]
[WhiteTeam "Lauttasaaren Shakkikerho"]
[BlackTeam "Helsingin Shakkiklubi 3"]
[WhiteElo "1926"]
[BlackElo "2114"]

1.d4 Nf6 2.c4 g6 3.Nc3 Bg7 4.e4 d6 5.Nf3 O-O 6.Be2 c6 7.O-O Nbd7 8.Bg5
Qc7 9.Qd2 e5 10.dxe5 dxe5 11.b4 a5 12.a3 axb4 13.axb4 Rxa1 14.Rxa1 Qb6
15.Rb1 Re8 16.h3 Nf8 17.c5 Qc7 18.Rd1 Ne6 19.Qd6 Qxd6 20.Rxd6 Nd7
21.Rd1 Nd4 22.Bc4 Nxf3+ 23.gxf3 h6 24.Be3 g5 25.b5 Bf8 26.Na4 Kg7
27.Kh2 Be7 28.Rd2 Kg6 29.Rd1 Nf8 30.Nb6 Be6 31.bxc6 bxc6 32.Ba6 Rb8
33.Kg2 h5 34.Rd2 f6 35.Be2 Rb7 36.Bd1 Ra7 37.Ba4 Ra5 38.Bxc6 Bxc5
39.Bxc5 Rxc5 40.Be8+ Bf7 41.Rd8 Ne6 42.Bxf7+ Kxf7 43.Rd7+ Ke8 44.Rd2
Nf4+ 45.Kh2 h4 46.Na4 Rc4 47.Nb6 Rd4 48.Rc2 Rd3 49.Nc4? (49.Rc8+ {=/+})
Rxf3 50.Ne3 Rxh3+ 51.Kg1 Kf7 52.Rc7+ Kg6 53.Ra7 Rf3 54.Ng4 Nd3 55.Rd7
Rf4 56.Nxf6 Kxf6 57.Rd6+ Ke7 58.Rxd3 Rxe4 0-1

[Event "Finland Team Ch 2011-2012"]
[Site "Helsinki FIN"]
[Date "2012.01.15"]
[Round "6"]
[White "Turtiainen, Tauno"]
[Black "Joutsivuo, Timo"]
[Result "1-0"]
[Section "II Division:1"]
[Board "4"]
[WhiteTeam "Helsingin Shakkiklubi 3"]
[BlackTeam "Lauttasaaren Shakkikerho"]
[WhiteElo "1962"]
[BlackElo "1928"]

1.e4 e6 2.d4 d5 3.Nd2 Nf6 4.e5 Nfd7 5.Bd3 c5 6.c3 Nc6 7.Ne2 Be7 8.O-O
Qc7 9.f4 g6 10.Nf3 Nf8 11.Be3 b6 12.b3 Bd7 13.Kh1 h6 14.c4 Nb4 15.cxd5
Nxd5 16.Bf2 Bc6 17.Rc1 Nd7 18.dxc5 bxc5 19.Qd2 Rd8 20.Qe1 Nb4 21.Bb1
Qb7 22.Be3 Nd5 23.Bd2 N7b6 24.Ng3 Bb5 25.Rf2 Kf8 26.Ne4 Rc8 27.Nd6
Bxd6 28.exd6 Qd7 29.Ne5 Qxd6 30.Bxg6 f6?? (30...fxg6 {+/=}) 31.Nf7 Qe7
32.Nxh8 Kg7 33.Rf3 Rxh8 34.Rg3 Kf8 35.Qf2 Nd7 36.b4 f5 37.bxc5 Bc6
38.Bh5 N7f6 39.Bf3 h5 40.Bc3 Nxc3 41.Rxc3 Qe8 42.Rb3 Qd7 43.Bxc6 Qxc6
44.Rb8+ Ne8 45.Qd4 1-0

[Event "Finland Team Ch 2011-2012"]
[Site "Helsinki FIN"]
[Date "2012.01.15"]
[Round "6"]
[White "Turtiainen, Kimmo"]
[Black "Varpanen, Jan"]
[Result "0-1"]
[Section "II Division:1"]
[Board "5"]
[WhiteTeam "Lauttasaaren Shakkikerho"]
[BlackTeam "Helsingin Shakkiklubi 3"]
[WhiteElo "1792"]
[BlackElo "1997"]

1.e4 c5 2.Nf3 Nc6 3.d4 cxd4 4.Nxd4 Nf6 5.Nc3 e5 6.Nxc6 bxc6 7.Bd3 Be7
8.O-O O-O 9.Ne2 d5 10.Ng3 Rb8 11.b3 Qc7 12.Qe1 Bd6 13.Bd2 h5 14.Bg5
Nh7 15.Qc1 f6 16.Bd2 h4 17.Ne2 f5 18.f3 f4 19.exd5 cxd5 20.Nc3 Nf6
21.Kh1 Nh5 (21...h3!) 22.Nxd5 Qf7 23.Be1 Ng3+!? 24.Bxg3? (24.hxg3 hxg3
25.Bxg3 Be6 26.Nc3 Ba3 27.Qe1 fxg3 28.Qxg3 {+/=}) hxg3 25.Bc4 Kh8
26.Nxf4 Qxf4 27.Qxf4 exf4 28.Rad1 Rf6 29.h3 Rh6 30.Rd5 Bc7 (30...Bxh3!
31.gxh3 Rxh3+ 32.Kg1 Bc7) 31.Rfd1 Bxh3 32.gxh3 Rxh3+ 33.Kg1 Bb6+
34.R5d4 Rh2 35.c3 Rxa2 36.Bd5 Re8 37.Be4 Rd8 (37...Rxe4!) 38.Bd5 Rxd5
0-1

[Event "Finland Team Ch 2011-2012"]
[Site "Helsinki FIN"]
[Date "2012.02.11"]
[Round "7"]
[White "Sandholm, Klas"]
[Black "Kauppala, Pekka"]
[Result "0-1"]
[Section "II Division:1"]
[Board "1"]
[WhiteTeam "Kirkkonummen Shakkikerho"]
[BlackTeam "Lauttasaaren Shakkikerho"]
[WhiteElo "2126"]
[BlackElo "2104"]

1.d4 g6 2.c4 Bg7 3.Nc3 d6 4.e4 e5 5.dxe5 dxe5 6.Qxd8+ Kxd8 7.Nf3 h6
8.Be3 Be6 9.O-O-O+ Kc8 10.Be2 Ne7 11.Nd5 Nec6 12.h4 f5 13.h5 f4 14.Bd2
g5 15.Nh2 Nd4 16.Bg4 Re8 17.Rhe1 Nd7 18.Ba5 b6 19.Bc3 a5 20.Bxe6 Rxe6
21.Bd2 (21.g3!? c6 22.gxf4 cxd5 23.exd5 Rf6 24.fxe5 Rxf2 25.Bxd4 Rxh2
26.e6 Bxd4 27.exd7+ Kxd7 28.Rxd4 {=}) Nc5 22.Kb1 Kb7 23.Bc1 Rd6 24.b3
Rad8 25.Ba3 c6 (25...Nde6) 26.Bxc5 bxc5 27.Nc3 Bf8 28.Nf3 Nxf3 29.gxf3
Kc7 30.Kc2 Rd4 31.Ne2 R4d7 32.Rxd7+ Rxd7 33.Rd1 Rg7 34.Kb2 g4 35.Rg1
Rd7 36.Kc2 gxf3 37.Nc3 Be7 38.Rg7? (38.Nb1 Bh4 39.Rg6 {=}) Bh4 39.Rxd7+
Kxd7 40.Nd1 Ke6 41.Kd2 Kf6 (41...Be7) 42.Ke1 Kg5 43.Nb2 Kxh5 44.Nd3
Bd8 45.Nxe5 Bc7 46.Nxc6 Kg5 47.Ne7 h5 48.Kf1 Be5 49.Nf5 Bd4 50.a3 Bb2
51.Kg1 Bxa3 52.Ng7 Kf6 0-1

[Event "Finland Team Ch 2011-2012"]
[Site "Helsinki FIN"]
[Date "2012.02.11"]
[Round "7"]
[White "Heikkinen, Jyrki"]
[Black "Grönroos, Matti"]
[Result "0-1"]
[Section "II Division:1"]
[Board "2"]
[WhiteTeam "Lauttasaaren Shakkikerho"]
[BlackTeam "Kirkkonummen Shakkikerho"]
[WhiteElo "2062"]
[BlackElo "1959"]

1.d4 d5 2.e4 dxe4 3.Nc3 Nf6 4.f3 exf3 5.Nxf3 Bg4 6.h3 Bh5 7.g4 Bg6
8.Ne5 Nbd7 9.Qf3 c6 10.Nxg6 hxg6 11.g5 Nh5 12.Bc4 e6 13.O-O Qe7 14.Be3
Nb6 15.Bb3 Qc7 16.Kg2 O-O-O 17.Ne2 Rd7 18.c4 Kb8 19.a4 Nc8 20.c5 Ne7
21.Qxf7? (21.Bc2) Nf5 22.Qe8 Rd8 23.Qxe6 Bxc5 24.Rxf5 gxf5 25.Qxf5
Rde8 26.Qd3 Qe7 27.dxc5 Qxe3 28.Qxe3 Rxe3 29.Nc3 Nf4+ 30.Kf2 Rexh3
31.Bd1 Nd3+ 32.Kg2 Nxb2 33.Ne4 Rh2+ 34.Kg3 Rh1 35.Nf2 Rg1+ 36.Kf3 Rf8+
0-1

[Event "Finland Team Ch 2011-2012"]
[Site "Helsinki FIN"]
[Date "2012.02.11"]
[Round "7"]
[White "Lehtiranta, Jari"]
[Black "Ertbjerg, Per"]
[Result "0-1"]
[Section "II Division:1"]
[Board "3"]
[WhiteTeam "Kirkkonummen Shakkikerho"]
[BlackTeam "Lauttasaaren Shakkikerho"]
[WhiteElo "1810"]
[BlackElo "2077"]

1.d4 Nf6 2.c4 e5 3.dxe5 Ne4 4.Nf3 d6 5.e3 Nc6 6.exd6 Bxd6 7.Nbd2 Nc5
8.Nb3 Qf6 9.Nxc5 Bxc5 10.a3 Bf5 11.Qb3 b6 12.Bd2 O-O 13.Bc3 Qe7 14.Be2
a5 15.Nd4?? Nxd4? (15...Bxd4) 16.Bxd4? (16.exd4 Bd6 17.Bd2) Bxd4
17.exd4 Rfe8 18.Qd1 Rad8 19.d5 c6 20.Kf1 cxd5 21.Bf3 dxc4 22.Qc1 Bd3+
23.Kg1 Qf6 24.h3 Be2 0-1

[Event "Finland Team Ch 2011-2012"]
[Site "Helsinki FIN"]
[Date "2012.02.11"]
[Round "7"]
[White "Sobenin, Evgeny"]
[Black "Ahokas, Eero"]
[Result "1-0"]
[Section "II Division:1"]
[Board "4"]
[WhiteTeam "Lauttasaaren Shakkikerho"]
[BlackTeam "Kirkkonummen Shakkikerho"]
[WhiteElo "1909"]
[BlackElo "1718"]

1.d4 d5 2.c4 c6 3.Nc3 Nf6 4.Nf3 e6 5.e3 Nbd7 6.Bd3 dxc4 7.Bxc4 b5
8.Bb3 b4 9.Ne2 Bd6 10.O-O O-O 11.Bc2 Bb7 12.b3 Qe7 13.Bb2 e5 14.dxe5
Nxe5 15.Ned4 g6 16.Nd2 Ned7 17.Nc4 Bc7 18.Nf3 Rad8 19.Qd4 Rfe8
(19...c5) 20.Qxa7 Rb8 21.Qd4 c5 22.Qd1 Ng4 23.Re1? (23.h3) Bxf3
(23...Rbd8) 24.Qxf3 Bxh2+ 25.Kf1 Qh4?? (25...Nge5) 26.g3 Bxg3 27.Qxg3
Nh2+ 28.Kg2 1-0

[Event "Finland Team Ch 2011-2012"]
[Site "Helsinki FIN"]
[Date "2012.02.11"]
[Round "5"]
[White "Ranta, Ari"]
[Black "Vesely, Petr"]
[Result "0-1"]
[Section "III Division:4"]
[Board "2"]
[WhiteTeam "Shakkikerho Meriratsut"]
[BlackTeam "Lauttasaaren Shakkikerho 2"]
[WhiteElo "1854"]
[BlackElo "1942"]

1.e4 d5 2.exd5 Nf6 3.d4 Nxd5 4.c4 Nb6 5.Nf3 Bg4 6.Be2 c6 7.c5 Nd5
8.Qb3 b6 9.Nc3 Bxf3 10.Bxf3 e6 11.O-O Nd7 12.Nxd5 cxd5 13.Re1 Be7
14.Qa4 bxc5 15.dxc5 O-O 16.c6 Nc5 17.Qc2 a5 18.Be3 Na6 19.a3 Qc7
20.Rac1 Rfc8 21.Be2 Bd6 22.g3 Qd8 23.Bb5 Bc7 24.Qd3 Nb8 25.Bd4 Bb6
26.Be5 (26.Bxb6! Qxb6 27.c7 Rxc7 (27...Na6 28.Rc6) 28.Qxd5 {+-}) Bc7
27.Re2 Bxe5 28.Rxe5 Qd6 29.Qc3 Na6 (29...Nxc6! 30.Bxc6 Ra6) 30.Re2 Nc7
31.Ba4 Rcb8 32.Qc5 Qxc5 33.Rxc5 Rb6 34.f4 g6 35.Kf2 Kf8 36.Ke3 Ke7
37.Kd4 Kd6 38.Rec2 f6 39.Ke3 e5 40.Kd3 Ra7 41.R5c3 e4+ 42.Ke3 Ne6
43.c7 Rxc7 44.Rxc7 Nxc7 0-1

[Event "Finland Team Ch 2011-2012"]
[Site "Helsinki FIN"]
[Date "2012.02.11"]
[Round "5"]
[White "Siikonen, Timo"]
[Black "Kajanoja, Timo"]
[Result "1-0"]
[Section "III Division:4"]
[Board "5"]
[WhiteTeam "Lauttasaaren Shakkikerho 2"]
[BlackTeam "Shakkikerho Meriratsut"]
[WhiteElo "1762"]
[BlackElo "1682"]

1.e4 c5 2.f4 d5 3.exd5 Qxd5 4.Nc3 Qd8 5.Bb5+ Bd7 6.Qe2 a6 7.Bxd7+ Nxd7
8.Nf3 e6 9.O-O Be7 10.d3 Ngf6 11.Re1 g6 12.h3 O-O 13.f5 gxf5 14.Bh6
Re8 15.Qe3 Nf8 16.Bxf8 Rxf8 17.Qh6 Ne8 18.Re3 Bf6 19.Rae1 Kh8??
20.Qxf8# 1-0

[Event "Finland Team Ch 2011-2012"]
[Site "Helsinki FIN"]
[Date "2012.02.11"]
[Round "5"]
[White "Alhava, Antero"]
[Black "Rautio, Reijo"]
[Result "1-0"]
[Section "III Division:2"]
[Board "1"]
[WhiteTeam "Leppävaaran Sisu"]
[BlackTeam "Lauttasaaren Shakkikerho 3"]
[WhiteElo "2057"]
[BlackElo "1732"]

1.d4 g6 2.e4 Bg7 3.Nc3 d6 4.Be3 Nc6 5.Qd2 a6 6.a4 e5 7.Nge2 f5 8.f3
Nf6 9.h3 O-O 10.g4 fxe4 11.fxe4 d5 12.exd5 Nxd5 13.Bg5 Bh6?? 14.Bxh6
Nxc3 15.bxc3 Qh4+ 16.Kd1 Rf2 17.Bg5 Rxe2 18.Bxh4 Rxd2+ 1-0

[Event "Finland Team Ch 2011-2012"]
[Site "Helsinki FIN"]
[Date "2012.02.11"]
[Round "5"]
[White "Valkeajärvi, Simo"]
[Black "Kohvakka, Raimo"]
[Result "0-1"]
[Section "III Division:2"]
[Board "2"]
[WhiteTeam "Lauttasaaren Shakkikerho 3"]
[BlackTeam "Leppävaaran Sisu"]
[WhiteElo "1616"]
[BlackElo "1866"]

1.e4 c5 2.Nf3 d6 3.d4 cxd4 4.Nxd4 Nf6 5.Nc3 g6 6.Bb5+ Bd7 7.O-O Bg7
8.Bxd7+ Nbxd7 9.Nde2 O-O 10.Ng3 Rc8 11.f4 b5 12.a3 a5 13.Kh1 b4
14.axb4 axb4 15.Nd5 Nxd5 16.exd5 Qc7 17.Qe1 Rfe8 18.Rf2 Qc4 19.Ra7
(19.Ra4) Rcd8 (19...Nf6) 20.b3 Qxd5 21.Bd2?? Bd4 22.Rxd7 Rxd7 23.Re2
Ra7 24.Ne4 Ra1 25.Bc1 Bb2 26.c4 Qxe4 (26...bxc3! 27.Nxc3 Bxc3 28.Qxc3
Qd3!! {-+}) 0-1

[Event "Finland Team Ch 2011-2012"]
[Site "Helsinki FIN"]
[Date "2012.02.11"]
[Round "5"]
[White "Pulkkinen, Heikki"]
[Black "Heimonen, Arto"]
[Result "0-1"]
[Section "III Division:2"]
[Board "3"]
[WhiteTeam "Leppävaaran Sisu"]
[BlackTeam "Lauttasaaren Shakkikerho 3"]
[WhiteElo "1817"]
[BlackElo "1596"]

1.d4 d5 2.c4 e6 3.Nf3 Nf6 4.cxd5 exd5 5.Bf4 Bd6 6.Bg5 O-O 7.e3 c6
8.Bd3 Qa5+ 9.Nc3 Ne4 10.O-O f5 11.Bh4 Nd7 12.Qc2 Ndf6 13.Ne5 Re8 14.f3
Nxc3 15.bxc3 Bxe5 16.dxe5 Rxe5 17.e4 (17.Rfe1) fxe4 18.fxe4 Nxe4
19.Rae1? (19.Bf2) Qc5+ 20.Kh1 Bf5 21.Rxf5?? Rxf5 22.Bxe4 dxe4 23.Qxe4
Raf8 24.h3 Qxc3 25.Qe6+ Kh8 26.Qxf5 Qxe1+ 0-1

[Event "Finland Team Ch 2011-2012"]
[Site "Helsinki FIN"]
[Date "2012.02.11"]
[Round "5"]
[White "Liang, Ville"]
[Black "Hyrri, Pavel"]
[Result "0-1"]
[Section "III Division:2"]
[Board "4"]
[WhiteTeam "Lauttasaaren Shakkikerho 3"]
[BlackTeam "Leppävaaran Sisu"]
[WhiteElo "1429"]
[BlackElo "1677"]

1.d4 d5 2.e3 Nf6 3.c4 e6 4.Nc3 Bb4 5.Bd2 O-O 6.a3 Be7 7.Bd3 c5 8.Nge2
Nc6 9.dxc5 Bxc5 10.cxd5 Nxd5 11.Qc2 Nf6 12.Ne4 Bd6 13.Nxf6+ Qxf6
14.Bxh7+ Kh8 15.Be4 Bd7 16.Bc3 Be5 17.Bxe5 Qxe5 18.Rd1 Rfd8 19.O-O
Rac8 20.Nc3 f5 21.Bf3 Na5 22.Rd4 Bc6 23.Rxd8+ Rxd8 24.Bxc6 Nxc6 25.Rd1
Qc7 26.Rxd8+ Nxd8 27.Qa4 Nc6 28.h3 a6 29.Qh4+ Kg8 30.Qc4 Qd6 31.g4 b5
32.Qe2 Ne5 33.f4 Nc4 34.Qd1? (34.a4) Qb6 35.Qd4 Qxd4 36.exd4 fxg4
37.hxg4 Nxb2 38.d5 exd5 39.Nxd5 a5 40.Kg2 (40.Nc7) Nc4 41.a4 b4 42.Kf3
b3 43.Ke2 b2 44.Nc3 Nb6 45.Nb1 Nxa4 46.Kd3 Kf7 47.Kc2 Nc5 48.Kxb2 Nd3+
49.Kb3 Nxf4 50.Ka4 Ne2 51.Kxa5 Kf6 52.Kb4 Kg5 53.Kc4 Kxg4 54.Kd3 Ng1
55.Nd2 Kf4 56.Nf1 g5 57.Ne3 Kf3 58.Kd2 Nh3 59.Kd3 Nf4+ 60.Kd4 Ng2
61.Kd3?? (61.Nc4 {=}) Nxe3 0-1

[Event "Finland Team Ch 2011-2012"]
[Site "Helsinki FIN"]
[Date "2012.02.11"]
[Round "5"]
[White "Miettinen, Tauno"]
[Black "Kauppinen, Janne"]
[Result "1-0"]
[Section "III Division:2"]
[Board "5"]
[WhiteTeam "Leppävaaran Sisu"]
[BlackTeam "Lauttasaaren Shakkikerho 3"]
[WhiteElo "1736"]
[BlackElo "1447"]

1.d4 d5 2.c4 e6 3.e3 Nf6 4.a3 Be7 5.Nc3 a6 6.Nf3 b6 7.Be2 Bb7 8.O-O
O-O 9.Ne5 Nbd7 10.f4 c6 11.cxd5 cxd5 12.Bd2 Rc8 13.Rc1 b5 14.b4 Re8
15.f5 exf5 16.Rxf5 Nxe5 17.dxe5 Nd7 18.Qf1 Rf8 (18...g6 19.Rxf7 Nxe5
20.Rf2 Bg5) 19.Bg4 Rc7 20.Qe2 g6 21.Rf4 (21.Rxf7!) Nxe5 22.Bh3 Nc4
23.Rcf1 Nxa3 24.Rxf7?? Bc8?? (24...Rxf7 25.Be6 Bf6 {-+}) 25.Rxf8+ Bxf8
26.Bxc8 Rxc8 27.Qf3 d4 28.Qf7+ Kh8 29.Nd5 Qe8 30.Qxe8 Rxe8 31.exd4 Bg7
32.Bc3 Rd8 33.Nf6 Nc2 34.d5 Ne3 35.Re1 Nf5 36.g4 Nd6 37.Kg2 h6 38.h4
Rf8? (38...Nde8 {=}) 39.Re6 Rd8 40.Be5 Nc4 41.Bc7 Rf8 42.g5 hxg5 43.hxg5
Rf7 44.d6 Nxd6 45.Bxd6 Bf8 46.Bxf8 Rxf8 47.Re7 1-0